000
00332nam a2200145Ia 4500
008
191201s2014 xx 000 0 und d
082
_a
624.1821
_b
NED
100
_a
NEGI, L.S
245
0
_a
Design of Steel Structures
250
_a
Rep
260
_a
N. Delhi
_b
TMH
_c
2014
300
_a
317
650
_a
B.Tech(CE)
942
_2
ddc
_c
BK
999
_c
5290
_d
5290